[Event "IECC Trio 565 email"]
[Site "IECC email"]
[Date "1998.06.20"]
[Round "?"]
[White "Fantoni, Franco"]
[Black "Rosko, David"]
[Result "1-0"]
[WhiteElo "1111"]
[BlackElo "1031"]
[PlyCount "57"]
[EventDate "1998.??.??"]
[EventType "tourn (corr)"]
[EventRounds "4"]
[SourceTitle "Corr 2008"]
[Source "ChessBase"]
[SourceDate "2008.06.24"]
[SourceVersion "1"]
[SourceVersionDate "2008.06.24"]
[SourceQuality "1"]

1. e4 e5 2. Nf3 Nc6 3. Bb5 Nd4 4. Nxd4 exd4 5. 0-0 a6 6. Bc4 b5 7. Bxf7+ Kxf7 8. Qh5+ g6 9. Qd5+ Kg7 10. Qxa8 Ne7 11. f4 Nc6 12. f5 gxf5 13. exf5 Be7 14. d3 h5 15. a4 b4 16. Nd2 Qe8 17. Nb3 h4 18. Bf4 h3 19. Bxc7 hxg2 20. Rf2 Kf6 21. Re1 Qh5 22. Nd2 Qh4 23. Ne4+ Kf7 24. f6 d6 25. fxe7+ Kg7 26. Bxd6 Nxe7 27. Rxg2+ Bg4 28. Be5+ Kg6 29. Qxa6+ 1-0

[Event "IECC M email"]
[Site "IECC email"]
[Date "1998.06.09"]
[Round "?"]
[White "Matthias, Steve"]
[Black "Rosko, David"]
[Result "1-0"]
[WhiteElo "1032"]
[BlackElo "1008"]
[PlyCount "39"]
[EventDate "1998.??.??"]
[EventType "tourn (corr)"]
[EventRounds "12"]
[SourceTitle "Corr 2008"]
[Source "ChessBase"]
[SourceDate "2008.06.24"]
[SourceVersion "1"]
[SourceVersionDate "2008.06.24"]
[SourceQuality "1"]

1. e4 e5 2. Nf3 Nc6 3. Bb5 Nd4 4. Ba4 b5 5. Bb3 c5 6. Bd5 Nc6 7. d3 f6 8. 0-0 Bd6 9. Nc3 Rb8 10. a4 bxa4 11. Rxa4 Nge7 12. Bc4 Na5 13. Nb5 Qb6 14. Nxd6+ Qxd6 15. Rxa5 a6 16. Be3 Nc6 17. Rxc5 Rxb2 18. d4 exd4 19. Bxd4 Ne5 20. Rxc8+ 1-0